000 00603nam a2200193 i 4500
001 186440
003 ES-MaACL
005 20230906222654.0
008 161114s1962 sp |||| | spa d
100 0 _aTraves Soler, Guillermo.
_9111252
245 1 0 _aAbonos /
_cpor Guillermo Través Soler.
260 _aBarcelona :
_bSintes,
_c1962.
300 _a456 p. :
_bil. ;
_c22 cm.
490 1 _aEnciclopedia Práctica del Agricultor ;
_v2
650 4 _aFertilizantes.
_9136105
830 0 _aEnciclopedia Práctica del Agricultor ;
_v2
_9192561
852 _aES-MaACL
_jE-4813
999 _c186440
_d186440